| 000 | 00656nam a2200229Ia 4500 | ||
|---|---|---|---|
| 003 | OSt | ||
| 005 | 20230620093450.0 | ||
| 008 | 210423s2014 xx 000 0 und d | ||
| 020 | _a978-93-5140-049-3 | ||
| 040 | _cAL | ||
| 041 | _aeng | ||
| 082 | _a547.2 SINO | ||
| 100 |
_aSINGH (Jagdamba);YADAV( L.D.S) _9106006 |
||
| 245 | _aOrganic synthesis: design reactions and rearrangements | ||
| 260 |
_aMeerut _bPragati Prakashan _c2014 |
||
| 300 |
_ax,728p _bPB |
||
| 365 |
_b455 _cINR |
||
| 650 |
_aChemistry _9106007 |
||
| 650 |
_aOrganic Chemistry _9106008 |
||
| 906 | _adesign ; Organic ; reactions ; rearrangements ; synthesis: | ||
| 942 |
_2ddc _cBK |
||
| 999 |
_c166458 _d166458 |
||